000
00310nam a2200109Ia 4500
008
171204s9999 xx 000 0 und d
245
4
_a
The 10-Minute Clinical Assessment:
245
_c
Knut Schroeder
260
_c
2016
650
_x
Health Assessment
856
_u
http://down.ebook777.com/050/9781119106340.pdf
999
_c
346374
_d
346374